000 00687nam a22001697a 4500
003 OSt
005 20260305143247.0
008 260305b |||||||| |||| 00| 0 eng d
040 _aSeku
050 _a(The) LC 146.7
_b.M8 2023
100 _aMuthami Sarah Kaluki
245 _aDetermination of students dropout rate in public day secondary schools in Kitui Sub-County,Kitui county in Kenya
_bA research project submitted in fulfillment of the requirements for the degree of Master of Education in Educational Administration of South Eastern Kenya University
260 _aSeku
_bSeku
_c2023
300 _a93p.
650 _vSecondary Education
_xStudents dropout rate
942 _2lcc
_cTHE
999 _c18771
_d18771